Culture Générale - Série 555 - Statistiques

Statistiques générales
  • Ce quiz a été pris 282 fois
  • Le résultat moyen est 7 sur 10
Statistiques - réponses
Question Réponse % Correct
Quel désert a une superficie de 8 millions de kilomètres carrés environ ? Sahara
97%
Quel nom de légume donne-t-on aux verres de contact ? lentilles
89%
Avec l'agneau et le chevreau, de quel autre animal mange-t-on le ris ? veau
87%
Quel astre Julien Clerc veut-il qu'on laisse entrer, selon le titre de sa chanson de 1969 ? soleil
84%
A quel humoriste doit-on le sketch "C'est l'histoire d'un mec" ? Coluche
80%
Dans quel sport l'Américain Jim Courier s'est-il illustré ? tennis
64%
Comment se prénomme le "Fataliste" d'après le titre d'un roman de Diderot ? Jacques
55%
Comment appelle-t-on les habitants de Belfort ? Belfortains
42%
Avec quelle actrice Hugh Jackman partage-t-il l'affiche du film "Australia" en 2008 ? Nicole Kidman
36%
Selon le titre français du film, sur quel fleuve la "canonnière" de Steve McQueen navigue-t-elle en 1967 ? Yang-Tse
30%
Aucun quiz correspondant
Distribution des résultats
% des personnes avec chaque résultat
Percentile par nombre de réponses
Votre historique - résultats
Vous n’avez pas pris ce quiz